000 00580nam a2200181Ia 4500
008 151018s9999 xx 000 0 und d
082 _bRBASDV21633
_a891.463
100 _aसुहास शिरवळकर
245 _aकथापौर्णिमा
250 _b1
260 _bगुरु प्रकाशन
_c1989
300 _a219
600 _aसुहास शिरवळकर
630 _aकथापौर्णिमा
700 _aसुहास शिरवळकर
730 _aकथापौर्णिमा
942 _cBOOK
999 _c1021313
_d1021310